|
|
|
|
| LEADER |
01409nam a2200409 a 4500 |
| 001 |
000463072 |
| 003 |
CZ BrMZK |
| 005 |
20210126095957.0 |
| 007 |
ta |
| 008 |
000115s1999 xr f 0dcze d |
| 015 |
|
|
|a cnb000736856
|
| 020 |
|
|
|a 80-7227-055-9
|
| 035 |
|
|
|a (OCoLC)45034199
|
| 040 |
|
|
|a BOA001
|b cze
|
| 043 |
|
|
|a e-xr---
|b e-xr-jm
|2 czenas
|
| 045 |
|
|
|a x-x-
|
| 072 |
|
7 |
|a 72/76
|x Výtvarné umění
|2 Konspekt
|9 21
|
| 080 |
|
|
|a 72/76(437.3)
|2 MRF
|
| 080 |
|
|
|a 7.036/.038
|2 MRF
|
| 080 |
|
|
|a (437.322)
|2 MRF
|
| 080 |
|
|
|a (048.8)
|2 MRF
|
| 080 |
|
|
|a (084.11)
|2 MRF
|
| 100 |
1 |
|
|a Gabrielová, Bronislava,
|d 1930-2005
|7 jn20000400749
|4 aut
|
| 245 |
1 |
0 |
|a Přesahy výtvarného Brna /
|c Bronislava Gabrielová, Bohumil Marčák
|
| 250 |
|
|
|a Vyd. 1.
|
| 260 |
|
|
|a Brno :
|b Petrov,
|c 1999
|
| 300 |
|
|
|a 218 s. :
|b il. (některé barev.), portréty ;
|c 30 cm
|
| 648 |
|
7 |
|a 20. století
|7 ch460558
|2 czenas
|
| 650 |
0 |
7 |
|a české výtvarné umění
|7 ph116865
|y 20. století
|2 czenas
|
| 650 |
0 |
7 |
|a moderní umění
|7 ph115340
|z Česko
|2 czenas
|
| 651 |
|
7 |
|a Brno (Česko)
|7 ge134084
|2 czenas
|
| 655 |
|
7 |
|a monografie
|7 fd132842
|2 czenas
|
| 655 |
|
7 |
|a obrazové publikace
|7 fd132947
|2 czenas
|
| 700 |
1 |
|
|a Marčák, Bohumil,
|d 1924-2010
|7 jk01080079
|4 aut
|
| 910 |
|
|
|a BOA001
|b 4-1068.875
|
| 990 |
|
|
|a BK
|
| 996 |
6 |
|
|b 2610108111
|c 4-1068.875
|l MZK
|r Sklad / do 1 hodiny
|n 23
|p p.v.
|w 000463072
|u 000010
|a 1
|e BOA001
|j MZK50
|s P
|